| 000 | 00609nam a22002057a 4500 | ||
|---|---|---|---|
| 001 | 84880 | ||
| 003 | BD-RjUL | ||
| 005 | 20250504111835.0 | ||
| 008 | 250504s1971 ii ||||| |||| 00| 0 urd d | ||
| 035 | _a(BD-RjUL)84880 | ||
| 040 |
_aBD-RjUL _beng _cBD-RjUL |
||
| 041 | _aurd | ||
| 082 |
_221 _a891.439109 _bSAM 1971 |
||
| 100 |
_aصفدراه ;; Safdarah _915375 |
||
| 245 |
_a ميراور ميريات ;; Mirror Meryat / _cصفدراه ;; Safdarah |
||
| 260 |
_aبمببئ : _bعلوي بك , _c1971 |
||
| 300 |
_a369 p. ; _c22 cm |
||
| 650 |
_aUrdu poetry _vhistory & criticism _95120 |
||
| 942 |
_2ddc _cBK |
||
| 999 |
_c84880 _d84880 |
||